000 00638nam a2200253Ia 4500
005 20260121153931.0
008 008 260114s9999 xx 000 0 eng d
020 _a9781003308041
037 _aEBOOK
040 _aCRL
040 _beng
040 _cCRL
041 _2eng
041 _aeng
084 _qCRL
100 _a Pablo A. Rodr¡guez-Merino
_91000941
245 0 _aViolence, Discourse, and Politics in China?s Uyghur Region
260 _bTaylor and Francis
260 _c2023
856 _uhttp://www.taylorfrancis.com/books/9781003308041
942 _cEBOOK
999 _c1567762
_d1567762